Capitals of 'N' Countries - Statistics

General Stats
  • This quiz has been taken 225 times
  • The average score is 8 of 10
Answer Stats
Country Capital % Correct
Norway Oslo
94%
Netherlands Amsterdam
90%
North Korea Pyongyang
88%
Nicaragua Managua
87%
New Zealand Wellington
86%
Namibia Windhoek
86%
Nigeria Abuja
83%
Niger Niamey
82%
Nepal Kathmandu
78%
Nauru Yaren
68%
No matching quizzes found
Score Distribution
Percent of People with Each Score
Percentile by Number Answered
Your Score History
You have not taken this quiz